Sekä kesä- että talviolympialaiset järjestäneet valtiot - Statistics

Yleistilastot
  • Tätä visaa on pelattu 1 722 kertaa
  • Keskiarvotulos 7 / 8
Vastaustilastot
Kesä Talvi Valtio % Oikein
5 4 Yhdysvallat
99%
3 3 Ranska
95%
2 1 Saksa
93%
1 1 Kiina
92%
1 3 Italia
91%
1 2 Kanada
91%
2 2 Japani
90%
1 1 Etelä-Korea
65%
Ehtoja vastaavia visoja ei löytynyt
Tulosjakauma
Jokaisen tuloksen saaneiden osuus
Persentiili vastausten määrän mukaan
Tuloshistoriasi
Et ole pelannut tätä visaa